=LDR 00000nam 2200000 4500 =001 INLIS000000000028619 =005 20130612130916 =008 ***********************************Ind** =035 ##$$0010-061300000028619 =041 ##$$a Ind =082 ##$$a 658.1 =090 ##$$a 658.1, Sab k =100 ##$$a Sabarguna, Boy S =245 ##$$a Knowledge management untuk rumah sakit, Boy S Sabarguna =260 ##$$a 2007 $b Jakarta =300 ##$$a vii, 106 hlm, 24 cm =650 ##$$a Manajemen Keuangan =850 ##$$a NBPNMAT